Explanation of the engravings of the most important implements of husbandry used in Scotland (Record no. 113971)

MARC details
000 -LEADER
fixed length control field 00591cam a22001815a 4500
001 - CONTROL NUMBER
control field L156002
008 - FIXED-LENGTH DATA ELEMENTS--GENERAL INFORMATION
fixed length control field 120424s1814 xxk f 000 0 eng d
035 ## - SYSTEM CONTROL NUMBER
System control number (Sirsi) u156002
041 0# - LANGUAGE CODE
Language code of text/sound track or separate title eng
100 1# - MAIN ENTRY--PERSONAL NAME
Personal name Gray, Andrew
245 00 - TITLE STATEMENT
Title Explanation of the engravings of the most important implements of husbandry used in Scotland
260 ## - PUBLICATION, DISTRIBUTION, ETC.
Place of publication, distribution, etc. Edinburgh
Name of publisher, distributor, etc. Sold by A. Constable
Date of publication, distribution, etc. 1814
300 ## - PHYSICAL DESCRIPTION
Extent 79 p., 16 leaves of plates (some folded)
Other physical details ill.
Dimensions 30 cm.
583 ## - ACTION NOTE
Action Condition reviewed
Time/date of action 20120620
Status condition level 4
651 #4 - SUBJECT ADDED ENTRY--GEOGRAPHIC NAME
Geographic name Scotland
Chronological subdivision 1707-1998
690 ## - LOCAL SUBJECT ADDED ENTRY--TOPICAL TERM (OCLC, RLIN)
Topical term or geographic name as entry element Rural
9 (RLIN) 6268
942 ## - ADDED ENTRY ELEMENTS (KOHA)
Suppress in OPAC 0
Holdings
Withdrawn status Lost status Damaged status Not for loan Home library Current library Shelving location Date acquired Total Checkouts Full call number Barcode Date last seen Copy number Price effective from Koha item type
        Historic collection Historic collection Historic collection 24/04/2012   HUSBANDRY QUARTO 1814 GRAY 30077919 20/08/2025 1 06/08/2019 Book